| 000 | aam a22 a 4500 | ||
|---|---|---|---|
| 999 |
_c323080 _d323080 |
||
| 003 | BLK | ||
| 005 | 20220811115733.0 | ||
| 008 | 181016b bu ||||| |||| 00| 0 bu d | ||
| 020 | _a978-954-330-292-5 | ||
| 040 | _aBLK | ||
| 041 |
_aBUL _cBUL |
||
| 080 |
_aЦеремониал. Етикет. Общ. норми на поведение. Йерархия. Дарове. Подаръци _b395 _x-055.15(02.053.2) _z395-055.15(02.053.2) |
||
| 100 |
_aКола, Ирен _eпърви автор _91299 |
||
| 139 |
_aКола, Ирен _bК 77 |
||
| 245 |
_aИзкуството и начинът да бъдеш страхотно момче! _cИрен Кола |
||
| 260 |
_bУнискорп _c2018 _aСофия |
||
| 300 |
_a74 с. _bс цв. ил. _c20 см |
||
| 380 | _aDN | ||
| 650 | 7 |
_9166567 _aПоведение |
|
| 650 | 0 |
_9258884 _aЮноши - психология и поведение |
|
| 650 | 0 |
_9257540 _aОбщуване - етикет |
|
| 653 | 7 |
_9191340 _aмомчета |
|
| 653 | 7 |
_9186473 _aетикет |
|
| 700 |
_9599 _aАмоник, Ян _eил. |
||
| 700 |
_91177 _aБоева, Стефка _eпрев. от фр. |
||
| 942 |
_cKNG _2udc _n0 _05 |
||
| 999 | _d323080 | ||